| 000 | 00789nam a2200229Ia 4500 | ||
|---|---|---|---|
| 999 |
_c55996 _d55996 |
||
| 001 | 23095 | ||
| 003 | GE_BSU | ||
| 005 | 20230711173114.0 | ||
| 008 | 181216s1980||||ge |||||||||||||| ||geo|| | ||
| 040 | _cGE_BSU | ||
| 041 | _ageo | ||
| 080 | _a821.111-31 ს-52 | ||
| 100 |
_aსკოტი, უოლტერ _916270 |
||
| 245 |
_aაივენჰო : _bრომანი / _cუოლტერ სკოტი ; ინგლ. თარგმნა ვ. ჭელიძემ. |
||
| 264 |
_aთბილისი : _bნაკადული, _c1980. |
||
| 300 |
_a559 გვ. ; _c21სმ. |
||
| 541 | _h4ლ. 80თ. | ||
| 653 | _aაივენჰო | ||
| 653 | _aრომანი | ||
| 700 |
_aჭელიძე, ვ. _eთარგმნა _96048 |
||
| 942 |
_cBK _2udc |
||